00722nam a2200205 a 4500999001500000001000500015003000500020005001700025008004100042020001500083040002000098100002600118245008800144260004100232300003000273650004600303700003900349942001300388952011500401 c2303d23032303CDMR20230905133143.0130130s1992||||||||||||||||||||||||||||d a8420696528 aCDMRbcatcCDMR1 aDíaz, Lorenzo9171913aLa radio en España, 1923-1993 c/ Lorenzo Díaz ; prólogo de M. V. Montalbán aMadrid : bAlianza Editorial, c1992 a575 p. c; 29 cm e+ 1 CD04aRadiodifusiózEspanya91720xHistòria1 aVázquez Montalbán, Manuel9766 cMON2udc 00104071aCDMRbCDMRd2013-01-16l1m1oEs /3pCDMR13107908 r2014-04-16s2014-03-04w2013-01-16yMON